Manual de técnicas de terapia y modificación de conducta

שמור ב:
מידע ביבליוגרפי
מחבר ראשי: Caballo, Vicente E (Author)
פורמט: ספר
שפה:ספרדית
יצא לאור: Madrid Siglo XXI 1993
מהדורה:2a. ed
נושאים:
תגים: הוספת תג
אין תגיות, היה/י הראשונ/ה לתייג את הרשומה!

MARC

LEADER 00000nam a2200000 a 4500
001 UCG1972
003 CL-VaPUC
008 100531e19930600SP |||||||||||||||||spa|d
020 |a 9788432307171 
082 0 4 |a 150.194  |b CAB  |2 21 
100 0 |a Caballo, Vicente E  |e author  |9 550120 
245 1 0 |a Manual de técnicas de terapia y modificación de conducta 
250 |a 2a. ed 
300 |a 980 p 
942 |c BK 
945 |d 20100531 00:00:00  |a dcastane 
260 |a Madrid  |b Siglo XXI  |c 1993 
650 0 |a Psicología   |9 257863 
650 0 |a Conducta humana   |9 269906 
650 7 |a CIENCIAS DEL COMPORTAMIENTO  |2 CL-VaPUC  |9 550121 
650 0 |a Terapia  |9 334442 
650 0 |a Psicoanálisis   |9 265702 
650 7 |a PSICOTERAPIA  |2 CL-VaPUC  |9 550122 
650 0 |a Trastornos del comportamiento  |9 311363 
650 7 |a ESTRES  |2 CL-VaPUC  |9 338725 
650 7 |a HIPNOTERAPIA  |2 CL-VaPUC  |9 336275 
583 |a last modification  |c 20100531 00:00:00  |k Rodrigo Vera 
999 |c 341219  |d 341217 
952 |0 0  |1 0  |4 0  |6 150_194000000000000_CAB_1993  |7 0  |8 A  |9 436577  |a BIBEDU  |b BIBEDU  |d 2019-11-22  |i 4680685  |o 150.194 CAB 1993  |p 4680685  |r 2019-11-22  |w 2019-11-22  |y BK  |k PSI